[Event "San Francisco cat 4th"]
[Site "San Francisco"]
[Date "2000.05.06"]
[Round "2"]
[White "Depetris, Walter"]
[Black "Luque, Matias"]
[Result "1-0"]
[WhiteElo "600"]
[BlackElo "566"]
[PlyCount "97"]
[EventDate "2000.05.06"]
[EventType "team"]
[EventRounds "7"]
[EventCountry "ARG"]
[SourceTitle "EXT 2005"]
[Source "ChessBase"]
[SourceDate "2004.11.15"]
[SourceVersion "1"]
[SourceVersionDate "2004.11.15"]
[SourceQuality "1"]

1. e4 c6 2. d4 d5 3. Nc3 Nf6 4. Bd3 e6 5. Bg5 Bb4 6. Nge2 h6 7. Bh4 Be7 8. e5 Nfd7 9. Bxe7 Qxe7 10. Qd2 0-0 11. 0-0 c5 12. Qf4 Nc6 13. Bb5 Nxd4 14. Nxd4 cxd4 15. Qxd4 a6 16. Bd3 Qg5 17. Rfe1 f6 18. exf6 Nxf6 19. Re5 Qg4 20. Qxg4 Nxg4 21. Re2 d4 22. Ne4 e5 23. h3 Nf6 24. Nxf6+ Rxf6 25. Rxe5 Rf8 26. Rd5 Be6 27. Rxd4 Rad8 28. Rxd8 Rxd8 29. Re1 Bc8 30. Re7 Kf8 31. Re4 g6 32. Rh4 Kg7 33. Re4 Rd7 34. Rc4 Rd8 35. Rc7+ Kf8 36. Rh7 Kg8 37. Rxh6 Kg7 38. Rxg6+ Kf7 39. Rg5 Kf6 40. Rg3 Re8 41. Rf3+ Ke7 42. Re3+ Kd7 43. Bf5+ Kd8 44. Rxe8+ Kxe8 45. Bxc8 b5 46. Bxa6 b4 47. h4 Kf7 48. g4 Kg6 49. f4 1-0